LEADER 00884naa a2200217 u 4500 001 000000095771 003 CaOOAMICUS 005 20070226130143.0 008 040712s1980 enk u000 u fre u 020 $a0860780619 035 $a11004038 040 $aIAR$bita 100 1 $aGaudemet, Jean,$d1908-2001.$0(OLS)http://pul/name/414 245 10$aCollections canoniques et primauté pontificale /$cJean Gaudemet. 260 $aLondon :$bVariorum reprints,$c1980. 300 $a[13] S., ;$c23 cm 773 0 $aLa société ecclésiatique dans l'Occident Mèdiéval. 773 0 $aGaudemet, Jean.$tLa société ecclésiastique dans l'Occident médiéval$w()34802 996 $6020$a0860780619$9(OLS)http://pul/number/43812 996 $6245$aCollections canoniques et primauté pontificale$9(OLS)http://pul/title/122648 996 $6260$aLondon :$bVariorum reprints$9(OLS)http://pul/publisher/62198 LEADER 01393nam a2200313 a 4500 001 000000158408 003 CaOOAMICUS 005 20170131095935.0 008 170131s2016 it u000 u ita r 020 $z978-88-921-0641-3* 032 $aLibriCat 040 $aPUL$bita 082 04$a342.45066 100 1 $aCarbone, Andrea.$0(OLS)http://pul/name/101167 245 13$aIl contraddittorio procedimentale :$bordinamento nazionale e diritto europeo-convenzionale /$cAndrea Carbone. 260 $aTorino :$bG. Giappichelli,$c©2016. 300 $aIX, 346 p. ;$c24 cm. 490 1 $aCostituzione e amministrazione ;$v10 504 $aBibliografia p. [297]-346. 650 4$aProcedimento amministrativo.$0(OLS)http://pul/subject/38287 830 0$aCostituzione e amministrazione ;$v10.$0(OLS)http://pul/title/198028 850 $aPUL 852 $aPUL$W1$xSL Diritto e Scienze Sociali 3$y79$m342. 45066 CARAN 1$j181731$qDDC 21$B184889$CPULBib$Z2$F184889 $H128873 $81 941 1 $a9 996 $6020$z978-88-921-0641-3*$9(OLS)http://pul/number/161979 996 $6082$a342.45066$9(OLS)http://pul/classification/3026 996 $6245$aIl contraddittorio procedimentale :$bordinamento nazionale e diritto europeo-convenzionale$9(OLS)http://pul/title/198027 996 $6260$aTorino :$bG. Giappichelli$9(OLS)http://pul/publisher/49130